000 00597nam a2200205Ia 4500
003 GCL
008 140319s9999 xx 000 0 ara d
040 _aGCL /
_cGCL
082 0 4 _a813.03
_bت ف
100 1 _aتوفيق الحكيم
245 1 0 _aفى الوقت الضائع /
_cتوفيق الحكيم
250 _aالاولى
260 _aالقاهرة :
_bالاهرام ،
_c1987
300 _a412 ص ؛
_c20 سم
490 _a
650 0 4 _aالادب العربى
650 0 4 _aالمقالات العربية
650 0 4 _aالمقالات الرمزية
942 _2ddc
_cBK
999 _c31968
_d31968